<?xml version="1.0" encoding="UTF-8"?>
<record
    xmlns:xsi="http://www.w3.org/2001/XMLSchema-instance"
    xsi:schemaLocation="http://www.loc.gov/MARC21/slim http://www.loc.gov/standards/marcxml/schema/MARC21slim.xsd"
    xmlns="http://www.loc.gov/MARC21/slim">

  <leader>01239nam a2200217Ia 4500</leader>
  <datafield tag="952" ind1=" " ind2=" ">
    <subfield code="0">0</subfield>
    <subfield code="1">0</subfield>
    <subfield code="4">0</subfield>
    <subfield code="7">0</subfield>
    <subfield code="a">11</subfield>
    <subfield code="b">11</subfield>
    <subfield code="d">2007-01-08</subfield>
    <subfield code="l">13</subfield>
    <subfield code="o">BF173 F617 </subfield>
    <subfield code="p">11 003329</subfield>
    <subfield code="r">2019-04-29</subfield>
    <subfield code="s">2019-04-29</subfield>
    <subfield code="t">6</subfield>
    <subfield code="w">2012-06-26</subfield>
    <subfield code="y">LB</subfield>
  </datafield>
  <datafield tag="952" ind1=" " ind2=" ">
    <subfield code="0">0</subfield>
    <subfield code="1">0</subfield>
    <subfield code="4">0</subfield>
    <subfield code="7">0</subfield>
    <subfield code="a">11</subfield>
    <subfield code="b">11</subfield>
    <subfield code="d">2007-01-08</subfield>
    <subfield code="l">5</subfield>
    <subfield code="o">BF173 F617</subfield>
    <subfield code="p">11 003456</subfield>
    <subfield code="r">2022-09-03</subfield>
    <subfield code="s">2022-08-30</subfield>
    <subfield code="t">5</subfield>
    <subfield code="w">2012-06-26</subfield>
    <subfield code="y">LB</subfield>
  </datafield>
  <datafield tag="952" ind1=" " ind2=" ">
    <subfield code="0">0</subfield>
    <subfield code="1">0</subfield>
    <subfield code="4">0</subfield>
    <subfield code="7">0</subfield>
    <subfield code="a">11</subfield>
    <subfield code="b">11</subfield>
    <subfield code="d">2007-01-08</subfield>
    <subfield code="l">9</subfield>
    <subfield code="o">BF173 F617</subfield>
    <subfield code="p">11 004707</subfield>
    <subfield code="r">2019-04-29</subfield>
    <subfield code="s">2019-04-29</subfield>
    <subfield code="t">1</subfield>
    <subfield code="w">2012-06-26</subfield>
    <subfield code="y">LB</subfield>
  </datafield>
  <datafield tag="952" ind1=" " ind2=" ">
    <subfield code="0">0</subfield>
    <subfield code="1">0</subfield>
    <subfield code="4">0</subfield>
    <subfield code="7">0</subfield>
    <subfield code="a">11</subfield>
    <subfield code="b">11</subfield>
    <subfield code="d">2007-01-08</subfield>
    <subfield code="l">10</subfield>
    <subfield code="o">BF173 F617</subfield>
    <subfield code="p">11 004708</subfield>
    <subfield code="r">2019-07-24</subfield>
    <subfield code="s">2019-07-24</subfield>
    <subfield code="t">2</subfield>
    <subfield code="w">2012-06-26</subfield>
    <subfield code="y">LB</subfield>
  </datafield>
  <datafield tag="952" ind1=" " ind2=" ">
    <subfield code="0">0</subfield>
    <subfield code="1">0</subfield>
    <subfield code="4">0</subfield>
    <subfield code="7">0</subfield>
    <subfield code="a">11</subfield>
    <subfield code="b">11</subfield>
    <subfield code="d">2007-01-08</subfield>
    <subfield code="l">8</subfield>
    <subfield code="o">BF173 F617</subfield>
    <subfield code="p">11 004709</subfield>
    <subfield code="r">2019-04-22</subfield>
    <subfield code="s">2019-04-22</subfield>
    <subfield code="t">3</subfield>
    <subfield code="w">2012-06-26</subfield>
    <subfield code="y">LB</subfield>
  </datafield>
  <datafield tag="952" ind1=" " ind2=" ">
    <subfield code="0">0</subfield>
    <subfield code="1">0</subfield>
    <subfield code="4">0</subfield>
    <subfield code="7">0</subfield>
    <subfield code="a">11</subfield>
    <subfield code="b">11</subfield>
    <subfield code="d">2010-01-26</subfield>
    <subfield code="l">12</subfield>
    <subfield code="o">BF173 F617</subfield>
    <subfield code="p">11 008212</subfield>
    <subfield code="r">2019-04-25</subfield>
    <subfield code="s">2019-04-25</subfield>
    <subfield code="t">4</subfield>
    <subfield code="w">2012-06-26</subfield>
    <subfield code="y">LB</subfield>
  </datafield>
  <datafield tag="999" ind1=" " ind2=" ">
    <subfield code="c">70930</subfield>
    <subfield code="d">70930</subfield>
  </datafield>
  <controlfield tag="008">120626s1961    mx            000 0 spa d</controlfield>
  <datafield tag="020" ind1=" " ind2=" ">
    <subfield code="a">968853109X</subfield>
  </datafield>
  <datafield tag="050" ind1=" " ind2=" ">
    <subfield code="a">BF173 </subfield>
    <subfield code="b">F617 2003</subfield>
  </datafield>
  <datafield tag="100" ind1=" " ind2=" ">
    <subfield code="a">Freud, Anna </subfield>
    <subfield code="d">1895-1982</subfield>
    <subfield code="e">autor</subfield>
  </datafield>
  <datafield tag="245" ind1=" " ind2=" ">
    <subfield code="a">El yo y los mecanismos de defensa </subfield>
    <subfield code="c"> / Anna Freud </subfield>
  </datafield>
  <datafield tag="260" ind1=" " ind2=" ">
    <subfield code="a">Mexico </subfield>
    <subfield code="b">Paidos Mexicana </subfield>
    <subfield code="c">, 1961</subfield>
  </datafield>
  <datafield tag="300" ind1=" " ind2=" ">
    <subfield code="a">199 p&#xE1;ginas</subfield>
  </datafield>
  <datafield tag="500" ind1=" " ind2=" ">
    <subfield code="a">T&#xED;tulo original: Das Ich und Abwehrmechanismem
</subfield>
  </datafield>
  <datafield tag="500" ind1=" " ind2=" ">
    <subfield code="a">Incluye : Pr&#xF3;logo / Prefacio / Conclusiones</subfield>
  </datafield>
  <datafield tag="504" ind1=" " ind2=" ">
    <subfield code="a">Bibliograf&#xED;a (pp. 194-199)</subfield>
  </datafield>
  <datafield tag="505" ind1=" " ind2=" ">
    <subfield code="a">El yo como objeto de observaci&#xF3;n  
Aplicaci&#xF3;n de la t&#xE9;cnica anal&#xED;tica al estudio de las instancias ps&#xED;quicas  
Las actividades defensivas del yo como objeto del an&#xE1;lisis  
Mecanismo de defensa  
Orientaci&#xF3;n de los procesos de defensa segpun el origen de la ansiedad y del peligro  
La negaci&#xF3;n en la defensa  
La negaci&#xF3;n en actos y palabras 
Restricci&#xF3;n del yo  
La identificaci&#xF3;n con el agresor  
Una forma de altruismo  
El yo y el ello en la pubertad  
La angustia instintiva durante la pubertad  </subfield>
  </datafield>
  <datafield tag="519" ind1=" " ind2=" ">
    <subfield code="a">Material complementario / </subfield>
    <subfield code="b">Psicolog&#xED;a / </subfield>
    <subfield code="d">(11 004707)</subfield>
  </datafield>
  <datafield tag="650" ind1=" " ind2="0">
    <subfield code="a">MECANISMOS DE DEFENSA (PSICOLOG&#xCD;A) </subfield>
  </datafield>
  <datafield tag="650" ind1=" " ind2="0">
    <subfield code="a">EGO (PSICOLOG&#xCD;A)</subfield>
  </datafield>
  <datafield tag="942" ind1=" " ind2=" ">
    <subfield code="c">LB</subfield>
  </datafield>
</record>
